Director(s) of MCU Films - Statistics

General Stats
  • This quiz has been taken 29 times
  • The average score is 23 of 34
Answer Stats
Movie Director(s) % Correct
Captain America: The Winter Soldier Anthony and Joe Russo
96%
Captain America: Civil War Anthony and Joe Russo
96%
Avengers: Infinity War Anthony and Joe Russo
96%
Avengers: Endgame Anthony and Joe Russo
96%
Guardians of the Galaxy James Gunn
96%
Guardians of the Galaxy Vol. 2 James Gunn
96%
Guardians of the Galaxy Vol. 3 James Gunn
96%
Thor: Ragnarok Taika Waititi
92%
Thor: Love and Thunder Taika Waititi
92%
Iron Man Jon Favreau
88%
Iron Man 2 Jon Favreau
88%
Spider-Man: Homecoming Jon Watts
81%
Spider-Man: Far From Home Jon Watts
81%
Spider-Man: No Way Home Jon Watts
81%
Fantastic Four Jon Watts
81%
Marvel's The Avengers Joss Whedon
81%
Avengers: Age of Ultron Joss Whedon
81%
Ant-Man Peyton Reed
69%
Ant-Man and the Wasp Peyton Reed
69%
Ant-Man and the Wasp: Quantamania Peyton Reed
69%
Doctor Strange in the Multiverse of Madness Sam Raimi
69%
Eternals Chloé Zhao
65%
Thor Kenneth Branagh
62%
Black Panther Ryan Coogler
62%
Black Panther: Wakanda Forever Ryan Coogler
62%
Iron Man 3 Shane Black
62%
Captain America: The First Avenger Joe Johnston
38%
Doctor Strange Scott Derrickson
35%
Thor: The Dark World Alan Taylor
31%
Captain Marvel Anna Boden and Ryan Fleck
27%
The Incredible Hulk Louis Leterrier
27%
Black Widow Cate Shortland
23%
Shang-Chi and the Legend of the Ten Rings Destin Daniel Cretton
23%
The Marvels Nia DaCosta
19%
No matching quizzes found
Score Distribution
Percent of People with Each Score
Percentile by Number Answered
Your Score History
You have not taken this quiz